LEGO Series 4 Minifigures by Picture - Statistics

General Stats
  • This quiz has been taken 14 times
  • The average score is 12 of 16
Answer Stats
Picture Answer % Correct
Hockey Player
90%
Soccer Player
90%
Surfer Girl
90%
Viking
90%
Artist
80%
Ice Skater
80%
Sailor
80%
The Monster
80%
Werewolf
80%
Crazy Scientist
70%
Hazmat Guy
70%
Musketeer
70%
Street Skater
70%
Kimono Girl
60%
Punk Rocker
60%
Lawn Gnome
50%
No matching quizzes found
Score Distribution
Percent of People with Each Score
Percentile by Number Answered
Your Score History
You have not taken this quiz